Infecciones por catéteres vasculares. (Registro nro. 5867)
[ vista simple ]
| 000 -CABECERA | |
|---|---|
| campo de control de longitud fija | 00936nam a2200241 i 4500 |
| 001 - NÚMERO DE CONTROL | |
| campo de control | Rebiun09067537 |
| 003 - IDENTIFICADOR DEL NÚMERO DE CONTROL | |
| campo de control | AR-RoIUNI |
| 005 - FECHA Y HORA DE LA ÚLTIMA TRANSACCIÓN | |
| campo de control | 20240521140918.0 |
| 008 - DATOS DE LONGITUD FIJA--INFORMACIÓN GENERAL | |
| campo de control de longitud fija | 061113s2002 ag r 00| 0 spa | |
| 020 ## - NÚMERO INTERNACIONAL ESTÁNDAR DEL LIBRO | |
| Número Internacional Estándar del Libro | 8479036869 |
| 020 ## - NÚMERO INTERNACIONAL ESTÁNDAR DEL LIBRO | |
| Número Internacional Estándar del Libro | 9500620480 |
| 040 ## - FUENTE DE LA CATALOGACIÓN | |
| Centro catalogador/agencia de origen | BUSC. |
| Centro/agencia modificador | UZ.ECS |
| Centro/agencia transcriptor | AR-RoIUNI |
| 080 ## - NÚMERO DE LA CLASIFICACIÓN DECIMAL UNIVERSAL | |
| Número de la Clasificación Decimal Universal | 616.14-089 INF |
| 245 00 - MENCIÓN DE TÍTULO | |
| Título | Infecciones por catéteres vasculares. |
| Número de parte o sección de la obra | Volumen 2, |
| Nombre de parte o sección de la obra | En situaciones particulares / |
| Mención de responsabilidad, etc. | comité editorial, Sandra Trefler ... [et al.] |
| 260 0# - PUBLICACIÓN, DISTRIBUCIÓN, ETC. (PIE DE IMPRENTA) | |
| Lugar de publicación, distribución, etc. | Buenos Aires [etc.] : |
| Nombre del editor, distribuidor, etc. | Editorial Médica Panamericana, |
| Fecha de publicación, distribución, etc. | cop. 2003 |
| 300 ## - DESCRIPCIÓN FÍSICA | |
| Extensión | XIV, 145 p. ; |
| Dimensiones | 23 cm |
| 500 ## - NOTA GENERAL | |
| Nota general | En port.: Sociedad Argentina de Terapia Intensiva, Comité de Infectología Crítica |
| 650 04 - PUNTO DE ACCESO ADICIONAL DE MATERIA--TÉRMINO DE MATERIA | |
| Término de materia o nombre geográfico como elemento inicial | Dispositivos intravenosos- |
| Subdivisión general | Infecciones |
| 650 04 - PUNTO DE ACCESO ADICIONAL DE MATERIA--TÉRMINO DE MATERIA | |
| Término de materia o nombre geográfico como elemento inicial | Catéteres- |
| Subdivisión general | Infecciones |
| 700 1# - PUNTO DE ACCESO ADICIONAL--NOMBRE DE PERSONA | |
| Nombre de persona | Trefler, Sandra, |
| Término indicativo de función/relación | ed. lit |
| 710 2# - PUNTO DE ACCESO ADICIONAL--NOMBRE DE ENTIDAD CORPORATIVA | |
| Nombre de entidad corporativa o nombre de jurisdicción como elemento de entrada | Sociedad Argentina de Terapia Intensiva. |
| Unidad subordinada | Comité de Infectología Crítica |
| 942 ## - ELEMENTOS DE PUNTO DE ACCESO ADICIONAL (KOHA) | |
| Fuente del sistema de clasificación o colocación | Clasificación Decimal Universal |
| Tipo de ítem Koha | Libros |
| Estado de retiro | Estado de pérdida | Fuente del sistema de clasificación o colocación | Estado dañado | Excepción de préstamo | Código de colección | Localización permanente | Ubicación/localización actual | Ubicación en estantería | Fecha de adquisición | Fuente de adquisición | Número de inventario | Total de préstamos | Signatura topográfica completa | Código de barras | Fecha visto por última vez | Precio válido a partir de | Tipo de ítem Koha |
|---|---|---|---|---|---|---|---|---|---|---|---|---|---|---|---|---|---|
| Clasificación Decimal Universal | Medicina | BIBLIOTECA CENTRAL | BIBLIOTECA CENTRAL | BIBLIOTECA CENTRAL | 21/05/2024 | Donación | 8419 | 616.14-089 INF | 8419 | 21/05/2024 | 21/05/2024 | Libros |

